000 00720nam a2200217 a 4500
005 20230909063622.0
008 140626s2008 mx r 000 0 spa d
020 _a9788484525691
035 _aUPN01000198362
049 _aI
050 4 _aPS3552 A8.8
_bF5.6
100 1 _aBass, Jules,
_d1935-
_935624
245 1 0 _aFloro, el dragón vegetariano /
_cJules Bass ; il. Debbie Harter ; tr. Alberto Jiménez Rioja.
260 _a[España] :
_bIntermón Oxfam,
_c2008.
300 _a[28] p. :
_bil. col.
534 _pTítulo original:
_tHerb the vegetarian dragon
650 7 _aLiteratura infantil estadounidense
_2
_99173
650 2 _aDragones
_vLiteratura infantil
_911808
905 _aIntantil
999 _c170463
_d170463